01361 a2200217 4500001000500000005001700005008004100022003001500063040004000078080003300118245002000151020002200171250001200193264003600205300002800241505069700269100002300966700002800989700002701017856009901044377620260407155430.0260407a2000 arg spa dAR-UNSa-BCEJYS aAR-UNSa-BCEJYSbspacAR-UNSa-BCEJYS a330.101.541xMacroeconomía10aMacroeconomía a978-84-85855-98-8 a4a. ed. 1aBarcelona :bAntoni Boschc2000 axxxviii, 703 p.c24 cm. a1. La ciencia de la macroeconomía - 2. Los datos macroeconómicos - 3. La renta nacional: de dónde viene y adónde va - 4. El crecimiento económico I - 5. El crecimiento económico II - 6. El paro - 7. El dinero y la inflación - 8. La economía abierta - 9. Introducción a las fluctuaciones económicas - 10. La demanda agregada I - 11. La demanda agregada II - 12. La demanda agregada en la economía abierta - 13. La oferta agregada - 14. La política de estabilización - 15. La deuda y los déficit presupuestarios públicos - 16. El consumo - 17. La inversión - 18. La oferta y la demanda de dinero - 19. Tendencias de la teoría de las fluctuaciones económicas 1 aMankiw, N. Gregory1 aRabasco, María Esther1 aToharia Cortés, Luis41uhttps://www.biblioeco.unsa.edu.ar/pmb/images/libros/L128211.jpgyImagen de portadaqimage/jpeg